000 01107nas a2200277Ia 4500
001 R235-R2565
003 IT-CnALBA
008 170116c99999999xx |||||||||||| ||und||
040 _aIT-CnALBA
_cIT-CnALBA
041 _aFRANCESE
100 _aBRUNO FR.
210 _aLA REVUE DES SAINTS
222 _aLA REVUE DES SAINTS
245 0 _aLA REVUE DES SAINTS. N. XCVI-CV. AN. IX. MARS-DECEM. 1935.
250 _a1a ed.
260 _a PARIS
_bBONNE PRESSE, MAISON DE LA...
_cn.d.
300 _a768 p.
310 _aVARIA
362 _a (n.d.)
500 _aCONFRONATA INDICE ALLA FINE DI OGNI FASCICOLO. LA RIVISTA DEI SANTI SANTE BEATI BEATE SERVI DI DIO SERVE DI DIO. MANCANTE NELLA SERIE N. CIV ANNO IX. NOVEMBRE 1935.
501 _aSocietà San Paolo EM - Piazza San Paolo, 14 - 12051 ALBA (CN) (non commercial uses only) ® Copyright 2017
520 _aCONFRONATA INDICE ALLA FINE DI OGNI FASCICOLO. LA RIVISTA DEI SANTI SANTE BEATI BEATE SERVI DI DIO SERVE DI DIO. MANCANTE NELLA SERIE N. CIV ANNO IX. NOVEMBRE 1935.
650 _aANGELI SANTI DEMONI
942 _cCR
957 _71
999 _a12543
_bNO
_g1
_c320640
_d320640